| 000 | 00677nam a22002297a 4500 | ||
|---|---|---|---|
| 005 | 20170124105947.0 | ||
| 010 | _aB-035152 | ||
| 020 |
_c00.00 _a8121207258 |
||
| 035 | _aB-035152 | ||
| 037 | _bCen Lib/Ret | ||
| 040 |
_aDPL _bEN |
||
| 082 |
_a270 _bASG |
||
| 100 |
_aAsghar Ali Engineer _991106 |
||
| 245 |
_aRational approach to islam / _cby Asghar Ali Engineer |
||
| 260 |
_aSrinagar _bGyan Publishing House _c2001 |
||
| 270 |
_a5. Ansari Road _bNerw Delhi _e110002 |
||
| 300 |
_a300p. _c22cm(Hb) |
||
| 500 | _aIncludes index. | ||
| 650 |
_aIslamic ethics -- India _991107 |
||
| 650 |
_aRationalism in India _991108 |
||
| 942 |
_2ddc _cEN _h270 _mASG |
||
| 999 |
_c125022 _d125022 |
||